00836 2200253 4500001002100000005001500021035002000036007000300056008004100059020002200100082001100122084001500133100001800148245014400166250001000310260010400320300003700424650002100461700001900482700002400501700002300525700002300548990001100571INLIS00000000001415520220808103445 a0010-0822000194ta220808 g 0 ind  a978-602-8766-76-0 a297.66 a297.66 TEK0 aAHMAD, Rahman1 aTes Klasik Keagamaan Sulawesi dan Cirebon /cAhmad Rahman, Falah Sabirin, Muh. Fudhail Rahman, R. Bambang Iranto; editor, Arif Syibromalisi acet.1 aJakarta :bPuslitbang Lektur Khazanah Keagamaan Badan Litbang dan Diklat Kementrian Agama RI,c2013 aviii, 366 hlm :bilus. ;c21 cm. 4aKEBUDAYAAN ISLAM0 aFALAH, Sabirin0 aMUH. Fudhail Rahman0 aBAMBANG, Iranto. R0 aARIF, Syibromalisi a4714 a